Planificación sectorial y por proyectos en materia de transportes / (Record no. 20737)

MARC details
000 -LEADER
campo de control de longitud fija 00501nam a2200169 i 4500
001 - NÚMERO DE CONTROL
campo de control 20737
003 - IDENTIFICADOR DE NÚMERO DE CONTROL
campo de control ES-MaACL
005 - FECHA Y HORA DE LA ÚLTIMA TRANSACCIÓN
campo de control 20230906152344.0
007 - CAMPO FIJO DE DESCRIPCIÓN FÍSICA--INFORMACIÓN GENERAL
campo de control de longitud fija t|
008 - DATOS DE LONGITUD FIJA--INFORMACIÓN GENERAL
campo de control de longitud fija 021118s1969 sp |||| | spa d
100 1# - ENTRADA PRINCIPAL--NOMBRE DE PERSONA
Nombre de persona Adler, Hans A.
9 (RLIN) 18448
245 10 - MENCIÓN DEL TÍTULO
Título Planificación sectorial y por proyectos en materia de transportes /
Mención de responsabilidad, etc. Hans A. Adler.
260 ## - PUBLICACIÓN, DISTRIBUCIÓN, ETC.
Lugar de publicación, distribución, etc. Madrid :
Nombre del editor, distribuidor, etc. Tecnos,
Fecha de publicación, distribución, etc. 1969.
300 ## - DESCRIPCIÓN FÍSICA
Extensión 85 p. ;
Dimensiones 23 cm.
650 #4 - PUNTO DE ACCESO ADICIONAL DE MATERIA--TÉRMINO DE MATERIA
Término de materia o nombre geográfico como elemento de entrada Transportes-
Subdivisión geográfica Países en desarrollo.
9 (RLIN) 165061
852 ## - LOCALIZACIÓN
Ubicación ES-MaACL
Número de control de estantería C-37109
Holdings
Estatus retirado Estado de pérdida Estado de daño No para préstamo Biblioteca de origen Biblioteca actual Ubicación en estantería Fecha de adquisición Fuente de adquisición Total de préstamos Signatura topográfica completa Código de barras Visto por última vez Precio de reemplazo Tipo de ítem Koha
        Biblioteca del Ateneo de Madrid Biblioteca del Ateneo de Madrid Depósito 2 17/01/2008     C-37109 1021291 23/02/2023 23/02/2023 Libro impreso